000 00313nam a2200133 i 4500
001 bg
100 1 _aPAWŁOWSKI, Z.
245 0 _aZasady predykcji ekonometrycznej /
_cZ. Pawłowski.
260 _aWarszawa,
_c1982.
040 _cBPK
041 _apol
942 _cKS
008 s pl f |000 0 pol
999 _c21770
_d21770
856 _uhttp://koha.tu.koszalin.pl/cgi-bin/koha/opac-detail.pl?biblionumber=21770
_yKatalog online BPK